Normal view
MARC view
- الأدب العربي - الشعر العربي - تاريخ ونقد - العراق - الجزيرة العربية - إيران
Entry Topical Term
001 - CONTROL NUMBER
- control field: 43298
003 - CONTROL NUMBER IDENTIFIER
- control field: JO-AjAnu
005 - DATE AND TIME OF LATEST TRANSACTION
- control field: 20230606081158.0
008 - FIXED-LENGTH DATA ELEMENTS
- fixed length control field: 230606|| aca||aabn | a|a d
040 ## - CATALOGING SOURCE
- Original cataloging agency: JO-AjAnu
- Transcribing agency: JO-AjAnu
150 ## - HEADING--TOPICAL TERM
- Topical term or geographic name entry element: الأدب العربي - الشعر العربي - تاريخ ونقد - العراق - الجزيرة العربية - إيران
670 ## - SOURCE DATA FOUND
- Source citation: Work cat.: (JO-AjAnu)22172: ضيف، شوقي, author 43297, عصر الدول والإمارات: الجزيرة العربية - العراق - إيران